Statistics for geography quiz (countries)

Click here to take the quiz!

General Stats

  • This quiz has been taken 183 times
  • The average score is 13 of 15

Answer Stats

HintAnswer% Correct
The most populousChina
98%
The capital is CopenhagenDenmark
98%
The one country to start with oOman
98%
The largest countryRussia
98%
The second most populous with a billion peopleIndia
95%
The last country alphbeticallyZimbabwe
95%
The country Jesus died inIsrael
93%
in between Russia and ChinaMongolia
93%
The island that is below IndiaSri lanka
93%
Also known as MyanmarBurma
91%
Capital is AnkaraTurkey
90%
Hudson bay is located hereCanada
88%
The country that borders the pacific, caribbean, and the gulf of MexicoMexico
86%
The smallest central american countryEl salvador
76%
Star baseball player Babe Ruth was born hereUnited states
29%

Score Distribution

Percentile by Number Answered

Percent of People with Each Score

Your Score History

You have not taken this quiz